Ľahké betóny na báze recyklovaných penových plastov
Guardado en:
| Autor principal: | |
|---|---|
| Otros Autores: | |
| Formato: | Manuscrito Libro |
| Lenguaje: | eslovaco |
| Publicado: |
2016
|
| Materias: | |
| Acceso en línea: | http://is.stuba.sk/zp/portal_zp.pl?podrobnosti=117449 https://opac.crzp.sk/?fn=detailBiblioForm&sid=41728D440EB1EF629515168922FE |
| Etiquetas: |
Sin Etiquetas, Sea el primero en etiquetar este registro!
|
MARC
| LEADER | 00000ntm a22000003a 4500 | ||
|---|---|---|---|
| 001 | stuzp56778 | ||
| 003 | SK-STU | ||
| 005 | 20230823110144.7 | ||
| 007 | ta | ||
| 008 | 150427s2015----xo-----f-mn---000-0-slo-d | ||
| 040 | |a STU |b slo | ||
| 041 | 0 | |a slo | |
| 100 | 1 | |a Daubnerová, Andrea |u 010260 |4 aut |U SvF Stavebná fakulta |T SvF Katedra materiálového inžinierstva |X 7352 |U V260 |Y 27 |7 A000007352 | |
| 242 | 0 | 1 | |a Lightweight concretes based on recycled plastic foams |y eng |
| 245 | 1 | 0 | |a Ľahké betóny na báze recyklovaných penových plastov |
| 260 | |c 2016 | ||
| 650 | 4 | |a ľahký betón |2 slo | |
| 650 | 4 | |a penový plast EVA |2 slo | |
| 650 | 4 | |a penový odpadový polystyrén |2 slo | |
| 650 | 4 | |a foamed plastic EVA |2 eng | |
| 650 | 4 | |a foam waste polystyrene |2 eng | |
| 650 | 4 | |a lightweight concrete |2 eng | |
| 700 | 1 | |a Unčík, Stanislav |u 010260 |k Z1 |4 ths |U SvF Stavebná fakulta |T SvF Katedra materiálového inžinierstva |X 2734 |U V260 |Y 27 |7 A000002734 | |
| 856 | 4 | |u http://is.stuba.sk/zp/portal_zp.pl?podrobnosti=117449 | |
| 856 | 4 | |u https://opac.crzp.sk/?fn=detailBiblioForm&sid=41728D440EB1EF629515168922FE | |
| SQL | |a stuzp56778 |b DDP |c SLO |d Ľahké betóny na báze recyklovaných penových plastov |e 7352 |f Daubnerová, Andrea |g 010260 |h 2734 |i Unčík, Stanislav |j 20160616 |k 681 |l 01 |m http://is.stuba.sk/zp/portal_zp.pl?podrobnosti=117449 |n I-TS |o 5.2.8. stavebníctvo | ||